{"text_format":"3","workbook":"xlsx","n_sheets":1,"sheets":["t102"],"read":"whole","date_system":"1900"}

{"sheet":"t102","index":0,"n_rows":127,"n_cols":7,"rows_kept":127,"merged":[[0,0,0,6],[30,0,30,5],[36,0,36,5],[108,0,108,5]]}
["TABELA 102.1 - Estatísticas Agrícolas, Município de Caieiras, Estado de São Paulo, 2007/08."]
["ITEM","UNIDADE","N.DE UPAs","MÍNIMO","MÉDIO","MÁXIMO","TOTAL"]
["Distância à sede do município","km",6,{"v":2,"d":"2.0"},{"v":10.38,"d":"10.4"},{"v":25,"d":"25.0"},"-"]
["Área total","hectare",6,24.2,{"v":802.77,"d":"802.8"},{"v":4500,"d":"4,500.0"},{"v":4816.6,"d":"4,816.6"}]
["Área com cultura perene","hectare",2,0.5,0.5,0.5,{"v":1,"d":"1.0"}]
["Área com cultura temporária","hectare",2,0.2,10.6,{"v":21,"d":"21.0"},21.2]
["Área com pastagem","hectare",2,{"v":1,"d":"1.0"},18.5,{"v":36,"d":"36.0"},{"v":37,"d":"37.0"}]
["Área com reflorestamento","hectare",5,{"v":5,"d":"5.0"},621.9,{"v":3052,"d":"3,052.0"},{"v":3109.5,"d":"3,109.5"}]
["Área com vegetação natural","hectare",5,{"v":1,"d":"1.0"},{"v":182.02,"d":"182.0"},{"v":800,"d":"800.0"},910.1]
["Área com vegetação de brejo e várzea","hectare","-","-","-","-",{"v":0,"d":"0.0"}]
["Área em descanso","hectare",2,{"v":19,"d":"19.0"},{"v":28.85,"d":"28.9"},38.7,57.7]
["Área complementar","hectare",6,0.5,{"v":113.35,"d":"113.4"},{"v":648,"d":"648.0"},680.1]
["Área das UPAs com (0, 1] ha","hectare","-","-","-","-","-"]
["Área das UPAs com (1, 2] ha","hectare","-","-","-","-","-"]
["Área das UPAs com (2, 5] ha","hectare","-","-","-","-","-"]
["Área das UPAs com (5, 10] ha","hectare","-","-","-","-","-"]
["Área das UPAs com (10, 20] ha","hectare","-","-","-","-","-"]
["Área das UPAs com (20, 50] ha","hectare",2,24.2,{"v":26,"d":"26.0"},27.8,{"v":52,"d":"52.0"}]
["Área das UPAs com (50, 100] ha","hectare",3,77.3,88.2,{"v":100,"d":"100.0"},264.6]
["Área das UPAs com (100, 200] ha","hectare","-","-","-","-","-"]
["Área das UPAs com (200, 500] ha","hectare","-","-","-","-","-"]
["Área das UPAs com (500, 1.000] ha","hectare","-","-","-","-","-"]
["Área das UPAs com (1.000, 2.000] ha","hectare","-","-","-","-","-"]
["Área das UPAs com (2.000, 5.000] ha","hectare",1,{"v":4500,"d":"4,500.0"},{"v":4500,"d":"4,500.0"},{"v":4500,"d":"4,500.0"},{"v":4500,"d":"4,500.0"}]
["Área das UPAs com (5.000, 10.000] ha","hectare","-","-","-","-","-"]
["Área das UPAs acima de 10.000 ha","hectare","-","-","-","-","-"]
["Familiares do proprietário que trabalham na UPA","unidade",2,{"v":1,"d":"1.0"},1.5,{"v":2,"d":"2.0"},{"v":3,"d":"3.0"}]
["Trabalhadores permanentes","unidade",6,{"v":1,"d":"1.0"},{"v":15.17,"d":"15.2"},{"v":70,"d":"70.0"},{"v":91,"d":"91.0"}]
["Fonte: Secretaria de Agricultura e Abastecimento, CDRS/IEA, Projeto LUPA."]
[]
["TABELA 102.2 - Explorações Animais, Município de Caieiras, Estado de São Paulo, 2007/08."]
["ITEM","UNIDADE","N.DE UPAs","MÍNIMO","MÉDIO","MÁXIMO","TOTAL"]
["Bovinocultura Mista","cabeças",1,{"v":30,"d":"30.0"},{"v":30,"d":"30.0"},{"v":30,"d":"30.0"},{"v":30,"d":"30.0"}]
["Equinocultura","cabeças",1,{"v":1,"d":"1.0"},{"v":1,"d":"1.0"},{"v":1,"d":"1.0"},{"v":1,"d":"1.0"}]
["Fonte: Secretaria de Agricultura e Abastecimento, CDRS/IEA, Projeto LUPA."]
[]
["TABELA 102.3 -  Máquinas, Implementos e Benfeitorias, Município de Caieiras, Estado de São Paulo, 2007/08."]
["ITEM","UNIDADE","N.DE UPAs","MÍNIMO","MÉDIO","MÁXIMO","TOTAL"]
["Arado Escarificador","Unidade",1,{"v":3,"d":"3.0"},{"v":3,"d":"3.0"},{"v":3,"d":"3.0"},{"v":3,"d":"3.0"}]
["Câmara Fria","Unidade",1,{"v":1,"d":"1.0"},{"v":1,"d":"1.0"},{"v":1,"d":"1.0"},{"v":1,"d":"1.0"}]
["Computador","Unidade",1,{"v":10,"d":"10.0"},{"v":10,"d":"10.0"},{"v":10,"d":"10.0"},{"v":10,"d":"10.0"}]
["Conj.Irrigação Convencional","Unidade",2,{"v":1,"d":"1.0"},1.5,{"v":2,"d":"2.0"},{"v":3,"d":"3.0"}]
["Conj.Irrigação/Gotejamento/Microaspersão","Unidade",1,{"v":1,"d":"1.0"},{"v":1,"d":"1.0"},{"v":1,"d":"1.0"},{"v":1,"d":"1.0"}]
["Microtrator","Unidade",1,{"v":1,"d":"1.0"},{"v":1,"d":"1.0"},{"v":1,"d":"1.0"},{"v":1,"d":"1.0"}]
["Pulverizador Tratorizado","Unidade",1,{"v":1,"d":"1.0"},{"v":1,"d":"1.0"},{"v":1,"d":"1.0"},{"v":1,"d":"1.0"}]
["Semeadeira/Plantadeira Plantio Direto","Unidade",1,{"v":1,"d":"1.0"},{"v":1,"d":"1.0"},{"v":1,"d":"1.0"},{"v":1,"d":"1.0"}]
["Trator de Esteiras","Unidade",1,{"v":2,"d":"2.0"},{"v":2,"d":"2.0"},{"v":2,"d":"2.0"},{"v":2,"d":"2.0"}]
["Trator de Pneus","Unidade",1,{"v":1,"d":"1.0"},{"v":1,"d":"1.0"},{"v":1,"d":"1.0"},{"v":1,"d":"1.0"}]
["Açude/Represa","Unidade",3,{"v":1,"d":"1.0"},{"v":1.67,"d":"1.7"},{"v":2,"d":"2.0"},{"v":5,"d":"5.0"}]
["Almoxarifado/Oficina","Unidade",2,{"v":1,"d":"1.0"},{"v":1,"d":"1.0"},{"v":1,"d":"1.0"},{"v":2,"d":"2.0"}]
["Balança para Veículos","Unidade",1,{"v":1,"d":"1.0"},{"v":1,"d":"1.0"},{"v":1,"d":"1.0"},{"v":1,"d":"1.0"}]
["Barracão/Galpão/Garagem","Unidade",4,{"v":1,"d":"1.0"},{"v":2.75,"d":"2.8"},{"v":5,"d":"5.0"},{"v":11,"d":"11.0"}]
["Casa de Moradia Habitada","Unidade",5,{"v":1,"d":"1.0"},12.4,{"v":50,"d":"50.0"},{"v":62,"d":"62.0"}]
["Casa de Moradia Total","Unidade",5,{"v":2,"d":"2.0"},{"v":13,"d":"13.0"},{"v":50,"d":"50.0"},{"v":65,"d":"65.0"}]
["Estufa/Plasticultura","m²",2,{"v":400,"d":"400.0"},{"v":700,"d":"700.0"},{"v":1000,"d":"1,000.0"},{"v":1400,"d":"1,400.0"}]
["Poço Semi-Artesiano","Unidade",1,{"v":1,"d":"1.0"},{"v":1,"d":"1.0"},{"v":1,"d":"1.0"},{"v":1,"d":"1.0"}]
["Posto Meteorológico","Unidade",1,{"v":1,"d":"1.0"},{"v":1,"d":"1.0"},{"v":1,"d":"1.0"},{"v":1,"d":"1.0"}]
["Fonte: Secretaria de Agricultura e Abastecimento, CDRS/IEA, Projeto LUPA."]
[]
["TABELA 102.4 - Outras Estatísticas Agrícolas, Município de Caieiras, Estado de São Paulo, 2007/08."]
["ITEM","Número de UPAs",null,"Percentual"]
["Faz Parte de Associação de Produtores",1,null,{"v":16.666666666666668,"d":"16.7"}]
["Faz Parte de Cooperativa de Produtores","-",null,"-"]
["Faz Parte do Sindicato de Produtores",1,null,{"v":16.666666666666668,"d":"16.7"}]
["Não utiliza assistência técnica ",4,null,{"v":66.66666666666667,"d":"66.7"}]
["Utiliza somente assistência técnica governamental ",0,null,{"v":0,"d":"0.0"}]
["Utiliza somente assistência técnica privada ",1,null,{"v":16.666666666666668,"d":"16.7"}]
["Utiliza assistência técnica tanto governamental quanto privada",1,null,{"v":16.666666666666668,"d":"16.7"}]
["Utiliza Crédito Rural","-",null,"-"]
["Utiliza Seguro Rural","-",null,"-"]
["Utiliza Escrituração Agrícola",2,null,{"v":33.333333333333336,"d":"33.3"}]
["Acessa Internet p/ Fins na Agropecuária","-",null,"-"]
["Utiliza Computador nas Atividades Agropecuárias",2,null,{"v":33.333333333333336,"d":"33.3"}]
["Utiliza Energia Elétrica Para Uso na Atividade Agrícola",6,null,{"v":100,"d":"100.0"}]
["Realiza Análise de Solo, quando necessário","-",null,"-"]
["Utiliza Práticas de Conservação de Solo, quando necessário",4,null,{"v":66.66666666666667,"d":"66.7"}]
["Faz Adubação Mineral, quando necessário",2,null,{"v":33.333333333333336,"d":"33.3"}]
["Faz Adubação Orgânica, quando necessário",5,null,{"v":83.33333333333333,"d":"83.3"}]
["Faz Adubação Verde, quando necessário","-",null,"-"]
["Utiliza Manejo Integrado de Pragas (MIP)","-",null,"-"]
["Utiliza Hidroponia","-",null,"-"]
["Utiliza Plasticultura",2,null,{"v":33.333333333333336,"d":"33.3"}]
["Utiliza Mudas Fiscalizadas",2,null,{"v":33.333333333333336,"d":"33.3"}]
["Utiliza Semente Melhorada",3,null,{"v":50,"d":"50.0"}]
["Faz Confinamento de Bovinos","-",null,"-"]
["Utiliza Pastejo Intensivo","-",null,"-"]
["Faz Inseminação Artificial","-",null,"-"]
["Faz Mineralização do Rebanho",1,null,{"v":16.666666666666668,"d":"16.7"}]
["Faz Vermifugação do Rebanho",1,null,{"v":16.666666666666668,"d":"16.7"}]
["Possui Parceiros /Arrendatários na Exploração Animal","-",null,"-"]
["Esporte e lazer","-",null,"-"]
["Extração mineral",1,null,{"v":16.666666666666668,"d":"16.7"}]
["Hotel Fazenda, Pousada ou SPA","-",null,"-"]
["Pesque-pague","-",null,"-"]
["Restaurante ou Lanchonete",1,null,{"v":16.666666666666668,"d":"16.7"}]
["Transformação artesanal","-",null,"-"]
["Turismo rural ou ecoturismo","-",null,"-"]
["Outras atividades econômicas rurais","-",null,"-"]
["Agroindústria",1,null,{"v":16.666666666666668,"d":"16.7"}]
["Proprietário sem instrução ou com instrução incompleta","-",null,"-"]
["Proprietário com antigo primário completo",1,null,{"v":16.666666666666668,"d":"16.7"}]
["Proprietário com 1° grau (ou antigo ginasial) completo",1,null,{"v":16.666666666666668,"d":"16.7"}]
["Proprietário com 2° grau (ou antigo colegial) completo","-",null,"-"]
["Proprietário com curso superior completo ",2,null,{"v":33.333333333333336,"d":"33.3"}]
["Pessoa Jurídica",2,null,{"v":33.333333333333336,"d":"33.3"}]
["Proprietário residente na própria UPA ",1,null,{"v":16.666666666666668,"d":"16.7"}]
["Fonte: Secretaria de Agricultura e Abastecimento, CDRS/IEA, Projeto LUPA."]
[]
["TABELA 102.5 - Área Cultivada, Município de Caieiras, Estado de São Paulo, 2007/08."]
["CULTURA","N.DE UPAs","MÍNIMO","MÉDIO","MÁXIMO","TOTAL"]
["Eucalipto",5,{"v":5,"d":"5.0"},607.5,{"v":2980,"d":"2,980.0"},{"v":3037.5,"d":"3,037.5"}]
["Outras florestais",1,{"v":72,"d":"72.0"},{"v":72,"d":"72.0"},{"v":72,"d":"72.0"},{"v":72,"d":"72.0"}]
["Outras gramineas para pastagem",2,{"v":1,"d":"1.0"},18.5,{"v":36,"d":"36.0"},{"v":37,"d":"37.0"}]
["Alface",1,{"v":12,"d":"12.0"},{"v":12,"d":"12.0"},{"v":12,"d":"12.0"},{"v":12,"d":"12.0"}]
["Brocolos (ou brocolis)",1,{"v":3,"d":"3.0"},{"v":3,"d":"3.0"},{"v":3,"d":"3.0"},{"v":3,"d":"3.0"}]
["Cenoura",1,{"v":2,"d":"2.0"},{"v":2,"d":"2.0"},{"v":2,"d":"2.0"},{"v":2,"d":"2.0"}]
["Couve (ou couve-crespa)",1,{"v":2,"d":"2.0"},{"v":2,"d":"2.0"},{"v":2,"d":"2.0"},{"v":2,"d":"2.0"}]
["Cebolinha",1,{"v":2,"d":"2.0"},{"v":2,"d":"2.0"},{"v":2,"d":"2.0"},{"v":2,"d":"2.0"}]
["Chicoria (ou chicoria-de-folha-crespa)",1,{"v":2,"d":"2.0"},{"v":2,"d":"2.0"},{"v":2,"d":"2.0"},{"v":2,"d":"2.0"}]
["Mandioca",1,{"v":2,"d":"2.0"},{"v":2,"d":"2.0"},{"v":2,"d":"2.0"},{"v":2,"d":"2.0"}]
["Chuchu",1,{"v":1,"d":"1.0"},{"v":1,"d":"1.0"},{"v":1,"d":"1.0"},{"v":1,"d":"1.0"}]
["Espinafre (ou espinafre-europeu)",1,0.5,0.5,0.5,0.5]
["Pomar domestico",1,0.5,0.5,0.5,0.5]
["Caqui",1,0.3,0.3,0.3,0.3]
["Jabuticaba",1,0.2,0.2,0.2,0.2]
["Horta domestica",1,0.2,0.2,0.2,0.2]
["Fonte: Secretaria de Agricultura e Abastecimento, CDRS/IEA, Projeto LUPA."]